000 00734nam a2200229Ia 4500
003 OSt
005 20220923220504.0
006 a|||||r|||| 00| 0
007 ta
008 220922b |||||||| |||| 00| 0 hin d
024 _a186,932
037 _cTextual
040 _aARTS
_cARTS
_bhin
041 _2hin
_ahin
082 _aX:9, 152J9
100 _aत्रिपाठी, जगदीश नारायण
245 0 _aश्रम, सामाजिक कल्याण और सुरक्षा
246 _aShrama, sāmājik kalyāṇ aur surakṣhā
260 _c1959
942 _hX:9, 152J9
_cTEXL
_2CC
999 _c340175
_d340175